[Event "Gran Canaria-chT 1819 A"]
[Site "Gran Canaria"]
[Date "2018.11.17"]
[Round "1.1"]
[White "Alvarado Diaz, Alejandro"]
[Black "Gonzalez Garcia, Guillermo W"]
[Result "1-0"]
[WhiteElo "2388"]
[BlackElo "2179"]
[PlyCount "87"]
[EventDate "2018.11.17"]
[EventType "swiss"]
[EventRounds "7"]
[EventCountry "ESP"]
[SourceTitle "EXT 2024"]
[Source "ChessBase"]
[SourceDate "2023.10.10"]
[SourceVersion "1"]
[SourceVersionDate "2023.10.10"]
[SourceQuality "1"]
[WhiteTeam "Hotel Avda de Canarias"]
[BlackTeam "Maspalomas"]
[WhiteTeamCountry "ESP"]
[BlackTeamCountry "ESP"]

1. g3 g6 2. Bg2 Bg7 3. Nf3 Nf6 4. b3 0-0 5. Bb2 d5 6. 0-0 c5 7. c4 b6 8. cxd5 Bb7 9. a3 Bxd5 10. b4 Nbd7 11. d3 Bb7 12. Nbd2 Rc8 13. Nc4 Ng4 14. Bxg7 Kxg7 15. Qd2 Kg8 16. Qb2 Qc7 17. a4 cxb4 18. Qxb4 Qc5 19. Qxc5 Rxc5 20. Rfb1 Ngf6 21. Rb2 Rfc8 22. Nd4 Bxg2 23. Kxg2 Nd5 24. a5 bxa5 25. Nxa5 e5 26. Nf3 N5b6 27. Raa2 R8c7 28. Nd2 f5 29. h3 Rd5 30. Nac4 Nxc4 31. Nxc4 Rd4 32. Ne3 Nb6 33. Kh2 Re7 34. g4 fxg4 35. Nxg4 Kg7 36. f3 Nd5 37. Ra5 h5 38. Nf2 Ne3 39. Ne4 Rd5 40. Ra6 Rc7 41. Rb1 Rdd7 42. Rg1 Rc2 43. Raxg6+ Kf8 44. Rg8+ 1-0

[Event "Maspalomas final 5th"]
[Site "Maspalomas"]
[Date "2012.08.28"]
[Round "1.3"]
[White "Gonzalez Garcia, Guillermo W"]
[Black "Jimenez Mendoza, Jose Miguel"]
[Result "1-0"]
[WhiteElo "2164"]
[BlackElo "1755"]
[PlyCount "62"]
[EventDate "2012.08.28"]
[EventType "swiss"]
[EventRounds "5"]
[EventCountry "ESP"]
[SourceTitle "EXT 2024"]
[Source "ChessBase"]
[SourceDate "2023.10.10"]
[SourceVersion "1"]
[SourceVersionDate "2023.10.10"]
[SourceQuality "1"]

1. Nf3 Nf6 2. g3 g6 3. c4 Bg7 4. Nc3 0-0 5. e4 d6 6. Bg2 Nc6 7. d4 e5 8. d5 Ne7 9. 0-0 Ne8 10. Ne1 f5 11. f4 fxe4 12. Bxe4 Bf5 13. Ng2 Bxe4 14. Nxe4 Nf5 15. Ng5 Qd7 16. Ne6 Rf7 17. Nxg7 Kxg7 18. b3 exf4 19. Nxf4 Kg8 20. Qd3 Neg7 21. Bb2 Re8 22. Ng2 Rfe7 23. Rfe1 Rxe1+ 24. Rxe1 Rxe1+ 25. Nxe1 Qe7 26. Nf3 Qe3+ 27. Qxe3 Nxe3 28. Bd4 Nef5 29. Bxa7 c6 30. dxc6 bxc6 31. a4 Ne7 1-0

[Event "Maspalomas-A 5th"]
[Site "Maspalomas"]
[Date "2012.08.26"]
[Round "4.1"]
[White "Gonzalez Garcia, Guillermo W"]
[Black "Marrero Cardenes, Agustin"]
[Result "1/2-1/2"]
[WhiteElo "2164"]
[BlackElo "1926"]
[PlyCount "38"]
[EventDate "2012.08.24"]
[EventType "swiss"]
[EventRounds "5"]
[EventCountry "ESP"]
[SourceTitle "EXT 2024"]
[Source "ChessBase"]
[SourceDate "2023.10.10"]
[SourceVersion "1"]
[SourceVersionDate "2023.10.10"]
[SourceQuality "1"]

1. Nf3 Nf6 2. g3 d6 3. Bg2 g6 4. 0-0 Bg7 5. c4 0-0 6. Nc3 e5 7. d4 exd4 8. Nxd4 Re8 9. e4 Nbd7 10. Re1 Nc5 11. Re2 a5 12. Rb1 Nfd7 13. h3 Ne5 14. b3 Ne6 15. Nxe6 Bxe6 16. Bb2 Qd7 17. Kh2 h5 18. Nd5 h4 19. g4 g5 1/2-1/2

[Event "Las Palmas-ch"]
[Site "Las Palmas"]
[Date "2011.07.22"]
[Round "3.2"]
[White "Gonzalez Garcia, Guillermo W"]
[Black "Sanchez Quintero, Raul"]
[Result "1/2-1/2"]
[WhiteElo "1768"]
[BlackElo "1674"]
[PlyCount "21"]
[EventDate "2011.07.18"]
[EventType "swiss"]
[EventRounds "5"]
[EventCountry "ESP"]
[SourceTitle "EXT 2024"]
[Source "ChessBase"]
[SourceDate "2023.10.10"]
[SourceVersion "1"]
[SourceVersionDate "2023.10.10"]
[SourceQuality "1"]

1. e4 e5 2. Nf3 Nc6 3. Nc3 Nf6 4. Bc4 Bc5 5. d3 d6 6. 0-0 Bg4 7. Ne2 Bxf3 8. gxf3 Ne7 9. d4 Bb6 10. Bg5 Ng6 11. c3 1/2-1/2

[Event "Las Palmas Montalvo Memorial 4th"]
[Site "Las Palmas"]
[Date "2011.04.21"]
[Round "5"]
[White "Lopez Colon, Francisco"]
[Black "Gonzalez Garcia, Guillermo W"]
[Result "1/2-1/2"]
[WhiteElo "2099"]
[BlackElo "2203"]
[PlyCount "20"]
[EventDate "2011.04.18"]
[EventType "swiss"]
[EventRounds "9"]
[EventCountry "ESP"]
[SourceTitle "CBM 141 Extra"]
[Source "ChessBase"]
[SourceDate "2011.05.03"]
[SourceVersion "1"]
[SourceVersionDate "2011.05.03"]
[SourceQuality "1"]

1. d4 Nf6 2. c4 e6 3. Nc3 Bb4 4. Qc2 0-0 5. a3 Bxc3+ 6. Qxc3 b6 7. f3 c5 8. dxc5 bxc5 9. b4 d5 10. e3 d4 1/2-1/2

[Event "Las Palmas Montalvo Memorial 4th"]
[Site "Las Palmas"]
[Date "2011.04.19"]
[Round "2"]
[White "Gonzalez Garcia, Guillermo W"]
[Black "Rodriguez Perez, David Antonio"]
[Result "1/2-1/2"]
[WhiteElo "2203"]
[BlackElo "2029"]
[PlyCount "78"]
[EventDate "2011.04.18"]
[EventType "swiss"]
[EventRounds "9"]
[EventCountry "ESP"]
[SourceTitle "CBM 141 Extra"]
[Source "ChessBase"]
[SourceDate "2011.05.03"]
[SourceVersion "1"]
[SourceVersionDate "2011.05.03"]
[SourceQuality "1"]

1. Nf3 c5 2. e4 d6 3. Bc4 Nf6 4. d3 g6 5. Nc3 Bg7 6. h3 Nc6 7. Bg5 a6 8. a4 Bd7 9. 0-0 h6 10. Be3 0-0 11. d4 cxd4 12. Nxd4 Rc8 13. Bd3 Ne5 14. Nd5 Nxd5 15. exd5 Qa5 16. Be4 f5 17. Bf3 f4 18. Bc1 Nxf3+ 19. Nxf3 Rf5 20. Nh4 Rxd5 21. Qf3 g5 22. b4 Qxb4 23. Qxd5+ e6 24. Qa2 Bxa1 25. Qxa1 gxh4 26. Qf6 Qe4 27. Bb2 Qh7 28. Qxf4 Rxc2 29. Qxh4 Bc6 30. Qd8+ Kf7 31. Qf6+ Kg8 32. Qxe6+ Qf7 33. Qc8+ Kh7 34. Qh8+ Kg6 35. Bc1 Qg7 36. Qc8 Kh7 37. g4 Qf7 38. Be3 Qf3 39. Qc7+ Kg8 1/2-1/2

[Event "Las Palmas Insular-chT Pref-A"]
[Site "Las Palmas"]
[Date "2011.04.16"]
[Round "13.1"]
[White "Gonzalez Garcia, Guillermo W"]
[Black "Gonzalez Intelangelo, Gerardo"]
[Result "1-0"]
[WhiteElo "2203"]
[BlackElo "2061"]
[PlyCount "97"]
[EventDate "2011.01.15"]
[EventType "team-tourn"]
[EventRounds "14"]
[EventCountry "ESP"]
[SourceTitle "EXT 2012"]
[Source "ChessBase"]
[SourceDate "2011.11.24"]
[SourceVersion "1"]
[SourceVersionDate "2011.11.24"]
[SourceQuality "1"]
[WhiteTeam "Desarrollo del Trabajador"]
[BlackTeam "Casa Museo El Patio"]
[WhiteTeamCountry "ESP"]
[BlackTeamCountry "ESP"]

1. Nf3 f5 2. d4 Nf6 3. c4 e6 4. g3 d5 5. Bg2 c6 6. 0-0 Bd6 7. b3 Qe7 8. Qc2 0-0 9. e3 Bd7 10. Nbd2 Ne4 11. Ne5 Be8 12. f3 Nxd2 13. Bxd2 Nd7 14. f4 Nf6 15. a4 Ne4 16. Nd3 Bh5 17. c5 Bc7 18. Bb4 g5 19. Ba3 Kh8 20. b4 a6 21. Ra2 Be8 22. Qb2 h5 23. Raa1 g4 24. b5 Rb8 25. bxc6 bxc6 26. Qc2 h4 27. Bxe4 fxe4 28. Ne5 Bxe5 29. dxe5 Qh7 30. Rab1 Rc8 31. Bb2 Rf5 32. Bd4 Rh5 33. Qg2 hxg3 34. hxg3 Bg6 35. Rb6 Rf8 36. Rfb1 Rff5 37. Rxc6 Rh3 38. Rb8+ Kg7 39. Rxe6 Rfh5 40. Re7+ Bf7 41. Rxf7+ Kxf7 42. Rb7+ Ke6 43. Rxh7 Rxh7 44. f5+ Kd7 45. e6+ Kc6 46. f6 Rb7 47. Bb2 Rb8 48. e7 Kd7 49. c6+ 1-0

[Event "Gran Canaria Cabildo Cup"]
[Site "Gran Canaria"]
[Date "2011.03.28"]
[Round "5"]
[White "Angel Acosta, Juan Carlos"]
[Black "Gonzalez Garcia, Guillermo W"]
[Result "1/2-1/2"]
[WhiteElo "2181"]
[BlackElo "2203"]
[PlyCount "24"]
[EventDate "2011.03.18"]
[EventType "tourn"]
[EventRounds "9"]
[EventCountry "ESP"]
[EventCategory "1"]
[SourceTitle "CBM 141 Extra"]
[Source "ChessBase"]
[SourceDate "2011.05.03"]
[SourceVersion "1"]
[SourceVersionDate "2011.05.03"]
[SourceQuality "1"]

1. d4 Nf6 2. Nf3 e6 3. c4 b6 4. g3 Bb7 5. Bg2 Bb4+ 6. Nc3 Qe7 7. Bd2 Bxc3 8. Bxc3 Ne4 9. Qc2 Nxc3 10. Qxc3 0-0 11. 0-0 d6 12. Qc2 f5 1/2-1/2

[Event "Las Palmas op"]
[Site "Las Palmas"]
[Date "2010.12.05"]
[Round "4"]
[White "Gonzalez Garcia, Guillermo W"]
[Black "Gutierrez Olivares, Daniel"]
[Result "0-1"]
[WhiteElo "2215"]
[BlackElo "2175"]
[PlyCount "72"]
[EventDate "2010.12.02"]
[EventType "swiss"]
[EventRounds "9"]
[EventCountry "ESP"]
[SourceTitle "CBM 139 Extra"]
[Source "ChessBase"]
[SourceDate "2011.01.05"]
[SourceVersion "1"]
[SourceVersionDate "2011.01.05"]
[SourceQuality "1"]

1. Nf3 Nf6 2. d4 e6 3. c4 b6 4. g3 Bb7 5. Bg2 Be7 6. 0-0 0-0 7. Nc3 Ne4 8. Qc2 Nxc3 9. Qxc3 c5 10. Rd1 Bf6 11. Qc2 Nc6 12. Be3 Qe7 13. Rd2 d6 14. Rad1 Rfd8 15. b3 a5 16. h4 h6 17. dxc5 bxc5 18. Nh2 h5 19. Bf3 g6 20. Be4 Kg7 21. Nf3 Nb4 22. Qb1 d5 23. cxd5 exd5 24. Bd3 d4 25. Bf4 Nd5 26. Ng5 Nc3 27. Qc2 Nxd1 28. Rxd1 Be5 29. Bd2 Ba6 30. f4 Bc7 31. Rf1 Bxd3 32. exd3 Re8 33. Re1 Qd6 34. Ne4 Qd5 35. Qxc5 Qxc5 36. Nxc5 Bd6 0-1

[Event "Las Palmas op"]
[Site "Las Palmas"]
[Date "2010.12.04"]
[Round "3"]
[White "Gonzalez Garcia, Guillermo W"]
[Black "Kurajica, Bojan"]
[Result "0-1"]
[WhiteElo "2215"]
[BlackElo "2535"]
[PlyCount "68"]
[EventDate "2010.12.02"]
[EventType "swiss"]
[EventRounds "9"]
[EventCountry "ESP"]
[SourceTitle "CBM 139 Extra"]
[Source "ChessBase"]
[SourceDate "2011.01.05"]
[SourceVersion "1"]
[SourceVersionDate "2011.01.05"]
[SourceQuality "1"]

1. Nf3 Nf6 2. d4 e6 3. c4 Bb4+ 4. Bd2 a5 5. Nc3 0-0 6. e3 b6 7. Bd3 Bb7 8. Qc2 c5 9. dxc5 bxc5 10. a3 Bxc3 11. Bxc3 h6 12. 0-0 d6 13. Rfd1 Nbd7 14. Rd2 Ra6 15. Re1 Qa8 16. Qd1 Rd8 17. Bc2 Qb8 18. e4 Rc8 19. h3 Qc7 20. Re3 Rca8 21. Nh2 e5 22. Ng4 a4 23. Qf3 Qd8 24. Qg3 Nxg4 25. Qxg4 Qe7 26. Rg3 f6 27. Qg6 Kh8 28. Rd1 Nf8 29. Qf5 Ne6 30. h4 Bc8 31. Qf3 Nd4 32. Rxd4 cxd4 33. Bb4 Be6 34. Bd3 Qf7 0-1

[Event "Las Palmas op"]
[Site "Las Palmas"]
[Date "2010.12.02"]
[Round "1"]
[White "Gonzalez Garcia, Guillermo W"]
[Black "Monteiro Rodrigues, Carlos"]
[Result "1-0"]
[WhiteElo "2215"]
[BlackElo "1665"]
[PlyCount "37"]
[EventDate "2010.12.02"]
[EventType "swiss"]
[EventRounds "9"]
[EventCountry "ESP"]
[SourceTitle "CBM 139 Extra"]
[Source "ChessBase"]
[SourceDate "2011.01.05"]
[SourceVersion "1"]
[SourceVersionDate "2011.01.05"]
[SourceQuality "1"]

1. Nf3 Nf6 2. d4 d5 3. c4 e6 4. g3 c5 5. Bg2 Bd6 6. 0-0 0-0 7. cxd5 exd5 8. Nc3 h6 9. Be3 Na6 10. Rc1 c4 11. Ne5 Be6 12. f4 Qc8 13. Nb5 Bxe5 14. dxe5 Ne4 15. Bxe4 dxe4 16. f5 Bxf5 17. Nd6 Qe6 18. Rxf5 Rad8 19. Qf1 1-0

[Event "Galdar op 2nd"]
[Site "Galdar"]
[Date "2010.11.16"]
[Round "4"]
[White "Gonzalez Garcia, Guillermo W"]
[Black "Camino Carrio, Nicanor"]
[Result "0-1"]
[WhiteElo "2218"]
[BlackElo "2138"]
[PlyCount "72"]
[EventDate "2010.11.13"]
[EventType "swiss"]
[EventRounds "9"]
[EventCountry "ESP"]
[SourceTitle "CBM 139 Extra"]
[Source "ChessBase"]
[SourceDate "2011.01.05"]
[SourceVersion "1"]
[SourceVersionDate "2011.01.05"]
[SourceQuality "1"]

1. d4 Nf6 2. c4 g6 3. Nf3 Bg7 4. g3 0-0 5. Bg2 d6 6. 0-0 Nc6 7. Nc3 a6 8. h3 Rb8 9. Be3 Re8 10. Rc1 Bd7 11. c5 e5 12. cxd6 cxd6 13. dxe5 dxe5 14. Kh2 h6 15. Qb3 Be6 16. Qa4 Qe7 17. Rfd1 Red8 18. Bb6 Rd7 19. e4 Rxd1 20. Rxd1 Nd7 21. Be3 f5 22. Nd5 Qf7 23. Nc7 fxe4 24. Nh4 Nd4 25. Nxe6 Qxe6 26. Qa5 b6 27. Qxa6 g5 28. Bf1 Kh8 29. Rc1 gxh4 30. Rc8+ Rxc8 31. Qxc8+ Nf8 32. Qa8 hxg3+ 33. fxg3 Qf5 34. Bg2 Nf3+ 35. Kh1 Qd7 36. Bxf3 Qxh3+ 0-1

[Event "Galdar op 2nd"]
[Site "Galdar"]
[Date "2010.11.15"]
[Round "3"]
[White "Lopez Colon, Francisco"]
[Black "Gonzalez Garcia, Guillermo W"]
[Result "0-1"]
[WhiteElo "2141"]
[BlackElo "2218"]
[PlyCount "46"]
[EventDate "2010.11.13"]
[EventType "swiss"]
[EventRounds "9"]
[EventCountry "ESP"]
[SourceTitle "CBM 139 Extra"]
[Source "ChessBase"]
[SourceDate "2011.01.05"]
[SourceVersion "1"]
[SourceVersionDate "2011.01.05"]
[SourceQuality "1"]

1. d4 Nf6 2. c4 e6 3. Nc3 Bb4 4. Qc2 c5 5. dxc5 Na6 6. a3 Bxc5 7. Nf3 d5 8. cxd5 exd5 9. Bg5 Be7 10. Rd1 Qa5 11. e3 0-0 12. Bxa6 bxa6 13. 0-0 Be6 14. Nd4 Rac8 15. Nf5 Bd8 16. Rd4 Qb6 17. Rb4 Qc5 18. Ng3 h6 19. Bf4 Ba5 20. Ra4 Bd7 21. Bd6 Bxa4 22. Bxc5 Bxc2 23. Bxf8 Bxc3 0-1